Untrodden English ways / (Record no. 24234)
[ view plain ]
| 000 -LEADER | |
|---|---|
| fixed length control field | 00885cam a22002531 4500 |
| 001 - CONTROL NUMBER | |
| control field | 24234 |
| 003 - CONTROL NUMBER IDENTIFIER | |
| rucl marc code | BD-RjUL |
| 005 - DATE AND TIME OF LATEST TRANSACTION | |
| control field | 20211209001026.0 |
| 008 - FIXED-LENGTH DATA ELEMENTS--GENERAL INFORMATION | |
| fixed length control field | 140312s1908 mauaf 000 0 eng |
| 035 ## - SYSTEM CONTROL NUMBER | |
| System control number | (BD-RjUL)24300 |
| System control number | (OCoLC)1307954 |
| 040 ## - CATALOGING SOURCE | |
| Original cataloging agency | DLC |
| Transcribing agency | FO |
| Modifying agency | BD-RjUL |
| Language of cataloging | eng |
| 041 ## - LANGUAGE CODE | |
| Language code of text/sound track or separate title | eng |
| 082 00 - DEWEY DECIMAL CLASSIFICATION NUMBER | |
| Author mark and year | SHU 1908 |
| 100 1# - MAIN ENTRY--PERSONAL NAME | |
| Personal name | Shelley, Henry Charles. |
| 9 (RLIN) | 74651 |
| 245 10 - TITLE STATEMENT | |
| Title | Untrodden English ways / |
| Statement of responsibility, etc. | by Henry C. Shelley ... with four full-page plates in colour, and illustrations from drawings by H.C. Colby and from photographs by the author. |
| 260 ## - PUBLICATION, DISTRIBUTION, ETC. (IMPRINT) | |
| Place of publication, distribution, etc. | Boston : |
| Name of publisher, distributor, etc. | Little, Brown, and Company, |
| Date of publication, distribution, etc. | c1908. |
| 300 ## - PHYSICAL DESCRIPTION | |
| Pagination | xv, 341 p. : |
| Illustrations | col. front., illus. 35 pl. ; |
| Size | 23 cm. |
| 651 #0 - SUBJECT ADDED ENTRY--GEOGRAPHIC NAME | |
| Geographic name | Great Britain |
| General subdivision | Description and travel. |
| 9 (RLIN) | 50815 |
| 856 41 - ELECTRONIC LOCATION AND ACCESS | |
| Uniform Resource Identifier | <a href="http://hdl.loc.gov/loc.gdc/scd0001.00005474012">http://hdl.loc.gov/loc.gdc/scd0001.00005474012</a> |
| 942 ## - ADDED ENTRY ELEMENTS (KOHA) | |
| Source of classification or shelving scheme | Dewey Decimal Classification |
| Koha item type | Books |
| Lost status | Source of classification or shelving scheme | Damaged status | Not for loan | Collection code | Permanent Location | Current Location | Shelving location | Date acquired | Source of acquisition | Total Checkouts | Full call number | Date last seen | Copy number | Koha item type |
|---|---|---|---|---|---|---|---|---|---|---|---|---|---|---|
| Dewey Decimal Classification | Added to bundle | Non-fiction | Central Library, University of Rajshahi | Central Library, University of Rajshahi | Reading Room | 24/02/1985 | Asia Foundation | 942 SHU 1908 | 12/03/2014 | C-1 | Books |